Codes nationaux d'identification des billets euro - Statistiques

Statistiques générales
  • Ce quiz a été pris 12 fois
  • Le résultat moyen est 10 sur 21
Statistiques - réponses
Code Réponse % Correct
U France
91%
S Italie
91%
X Allemagne
82%
Z Belgique
82%
V Espagne
82%
P Pays-Bas
64%
M Portugal
64%
N Autriche
45%
W Danemark
45%
L Finlande
45%
Y Grèce
45%
H Slovénie
45%
D Estonie
36%
C Lettonie
36%
R Luxembourg
36%
K Suède
36%
T Irlande
27%
F Malte
27%
E Slovaquie
27%
G Chypre
18%
J Royaume-Uni
18%
Aucun quiz correspondant
Distribution des résultats
% des personnes avec chaque résultat
Percentile par nombre de réponses
Votre historique - résultats
Vous n’avez pas pris ce quiz